000 01886cam a2200133 4500500
005 20260222000041.0
041 _afre
042 _adc
100 1 0 _aPiscini, Gianluca
_eauthor
245 0 0 _a"J'ai lu, j'ai compris, j'ai condamné" : Aspects littéraires de la polémique antichrétienne antique
260 _bÉditions du Cerf,
_c2024.
520 _aNous ne connaissons que quatre ouvrages littéraires antiques consacrés à la critique de la nouvelle religion : le Discours véritable de Celse, le Contre les chrétiens de Porphyre, le Discours ami de la vérité adressé aux chrétiens d’Hiéroclès Sossianos et le Contre les Galiléens de l’empereur Julien. Leur rédaction est échelonnée entre le iie et le ive siècle, période qui voit l’affirmation du christianisme dans le monde gréco-romain. Dans leur combat contre les chrétiens, Celse et ses épigones pouvaient s’inspirer d’une longue tradition polémique, dont l’influence est par ailleurs bien visible dans d’autres textes de Porphyre et Julien. La présente étude analyse les fragments conservés des quatre traités antichrétiens dans leurs rapports avec les motifs et les conventions de la littérature antique. On pourra ainsi mieux comprendre la façon dont ces ouvrages ont été conçus, la place qu’ils occupent dans le panorama littéraire de leur temps et (pour Porphyre et Julien) les liens qui les unissent aux autres oeuvres de leurs auteurs. Gianluca Piscini est agrégé de lettres classiques et docteur ès lettres (Université de Tours). Il a publié plusieurs articles sur les polémiques entre païens et chrétiens dans l’Antiquité et sur la littérature patristique, en s’intéressant tout particulièrement à l’œuvre d’Origène.
856 4 1 _uhttps://shs.cairn.info/jai-lu-jai-compris-jai-condamne--9782204164436?lang=fr&redirect-ssocas=7080
999 _c1662442
_d1662442